[Event "Hastings Chess Congress"]
[Site "Hastings ENG"]
[Date "2009.01.03"]
[EventDate "2008.12.28"]
[Round "7"]
[Result "1-0"]
[White "Nikoloz Chkhaidze"]
[Black "Sahaj Grover"]
[WhiteElo "2203"]
[BlackElo "2313"]
[PlyCount "99"]

1. e4 e5 2. Nf3 Nc6 3. Bb5 a6 4. Ba4 Nf6 5. O-O Bc5 6. c3 b5
7. Bb3 d6 8. a4 Bg4 9. h3 Bxf3 10. Qxf3 Na5 11. Bc2 b4 12. d3
O-O 13. Nd2 Rb8 14. Qd1 Re8 15. Nb3 Nxb3 16. Bxb3 bxc3
17. bxc3 d5 18. Qc2 h6 19. Rb1 c6 20. Qe2 Qe7 21. Kh1 Rb7
22. Ba2 Rxb1 23. Bxb1 Rb8 24. Ba2 Ba3 25. exd5 cxd5 26. Qc2
Bxc1 27. Rxc1 Qa3 28. Rb1 Rxb1+ 29. Bxb1 d4 30. cxd4 exd4
31. Qc8+ Kh7 32. Qf5+ Kh8 33. Qc8+ Ng8 34. Qc4 Qb2 35. Bc2
Qc1+ 36. Kh2 Qd2 37. Bb3 Qf4+ 38. Kg1 Nf6 39. g3 Qf3 40. Qxd4
h5 41. Bxf7 Qd1+ 42. Kh2 Kh7 43. Be6 Qf3 44. Qe3 Qc6 45. Bf5+
Kh8 46. Qf4 a5 47. Qb8+ Ng8 48. Be4 Qc5 49. Kg2 Qd4 50. Qa8
1-0

[Event "Hastings Chess Congress"]
[Site "Hastings ENG"]
[Date "2009.01.03"]
[EventDate "2008.12.28"]
[Round "7"]
[Result "1/2-1/2"]
[White "Vladimir Prosviriakov"]
[Black "Oliver Jackson"]
[WhiteElo "2327"]
[BlackElo "2182"]
[PlyCount "91"]

1. Nf3 d6 2. e4 c5 3. d4 cxd4 4. Qxd4 Nc6 5. Bb5 Bd7 6. Bxc6
Bxc6 7. Nc3 Nf6 8. Bg5 h6 9. Bxf6 gxf6 10. O-O-O Qa5 11. Rhe1
O-O-O 12. Kb1 Rg8 13. Nh4 e6 14. f4 Be7 15. Nd5 Bf8 16. Nb4 d5
17. Nxc6 bxc6 18. Qxf6 Rd7 19. Qd4 Bc5 20. Qd2 Qb6 21. g3 Rb7
22. c3 d4 23. Ka1 Rd8 24. Nf3 f6 25. e5 f5 26. Nxd4 Rbd7
27. Qc2 Bxd4 28. Rxd4 Rxd4 29. cxd4 Rxd4 30. a3 Qb5 31. Rc1
Kb7 32. Qg2 h5 33. Qf3 Rd2 34. Qc3 Rd3 35. Qb4 Qxb4 36. axb4
h4 37. gxh4 Rf3 38. Rc3 Rxf4 39. Rh3 Rg4 40. h5 Rg7 41. Kb1
Kb6 42. Kc2 c5 43. h6 Rh7 44. Kc3 Kc6 45. Kc4 cxb4 46. b3
1/2-1/2

[Event "Hastings Chess Congress"]
[Site "Hastings ENG"]
[Date "2009.01.03"]
[EventDate "2008.12.28"]
[Round "7"]
[Result "1/2-1/2"]
[White "David Spence"]
[Black "Thomas E Rendle"]
[WhiteElo "2214"]
[BlackElo "2385"]
[PlyCount "205"]

1. e4 e6 2. d4 d5 3. Nc3 Nc6 4. Nf3 Nf6 5. e5 Ne4 6. a3 f5
7. exf6 Qxf6 8. Bb5 Nxc3 9. bxc3 Bd6 10. Bg5 Qf7 11. Bh4 h6
12. O-O Bd7 13. c4 O-O 14. c5 Bf4 15. Bg3 a6 16. Bxc6 Bxc6
17. a4 Bxg3 18. hxg3 Qe8 19. a5 Bb5 20. Re1 Rf6 21. Ra3 b6
22. axb6 cxb6 23. cxb6 Qc6 24. Rae3 Qxb6 25. Ne5 Re8 26. c3 a5
27. Qb1 Qa6 28. Ng6 Bd3 29. Qxd3 Qxd3 30. Rxd3 Rxg6 31. Ra1
Ra8 32. Rd2 Rf6 33. Rda2 Rc8 34. Rc1 Rf7 35. Rxa5 Rfc7 36. Ra3
Rc4 37. Kf1 Rxd4 38. cxd4 Rxc1+ 39. Ke2 Kf7 40. g4 Rc4 41. Rd3
Kf6 42. f4 g6 43. Kf3 Ra4 44. Ke3 Ra1 45. Kf2 Rb1 46. Ke2 Ra1
47. Kf2 Ra4 48. Ke3 Rb4 49. Ke2 h5 50. Kf3 Rb1 51. Kg3 Re1
52. Kf3 h4 53. g3 hxg3 54. Kxg3 Re2 55. Kf3 Re4 56. Rd1 g5
57. fxg5+ Kxg5 58. Rd2 Rxg4 59. Re2 Rf4+ 60. Kg3 Re4 61. Rd2
Re3+ 62. Kf2 Kf4 63. Ra2 Rd3 64. Ra6 Kf5 65. Ra4 Ke4 66. Ra6
Rf3+ 67. Ke2 Rf6 68. Ra4 Rh6 69. Kd2 Rh2+ 70. Kc3 Rh3+ 71. Kc2
Rh2+ 72. Kc3 Rh3+ 73. Kc2 Re3 74. Rb4 Kf3 75. Kd2 Re4 76. Kc3
Ke3 77. Rb1 Kf2 78. Rb2+ Re2 79. Rb6 Kf3 80. Kd3 Re1 81. Kd2
Re4 82. Kd3 Kf4 83. Ra6 Kf5 84. Ra8 Kf6 85. Rf8+ Ke7 86. Ra8
Rh4 87. Ra7+ Kf6 88. Ra6 Rh3+ 89. Kd2 Kf5 90. Rb6 Rg3 91. Ra6
Rg6 92. Ke3 Rh6 93. Rb6 Rh3+ 94. Kd2 Ke4 95. Rxe6+ Kxd4
96. Ra6 Ke4 97. Re6+ Kd4 98. Ra6 Rh2+ 99. Kd1 Ke4 100. Ra4+ d4
101. Ra3 d3 102. Ra8 Ke3 103. Re8+ 1/2-1/2

[Event "Hastings Chess Congress"]
[Site "Hastings ENG"]
[Date "2009.01.03"]
[EventDate "2008.12.28"]
[Round "7"]
[Result "1/2-1/2"]
[White "Yang-Fan Zhou"]
[Black "Andrew D Green"]
[WhiteElo "2276"]
[BlackElo "2102"]
[PlyCount "62"]

1. e4 Nf6 2. e5 Nd5 3. d4 d6 4. c4 Nb6 5. exd6 exd6 6. Nc3 Nc6
7. d5 Ne5 8. f4 Ned7 9. Nf3 Be7 10. Qc2 O-O 11. Be3 Re8
12. O-O-O Bf6 13. Bd4 Bxd4 14. Nxd4 a6 15. Bd3 Nf8 16. Ne4
Nbd7 17. Rde1 Nc5 18. Nxc5 dxc5 19. Rxe8 Qxe8 20. Nf3 f6
21. Re1 Qf7 22. h3 Bd7 23. g4 Re8 24. Rxe8 Qxe8 25. Qf2 Qe7
26. Nd2 b6 27. Ne4 Ng6 28. Ng3 Nh8 29. Nf5 Bxf5 30. Bxf5 Ng6
31. Bxg6 hxg6 1/2-1/2

[Event "Hastings Chess Congress"]
[Site "Hastings ENG"]
[Date "2009.01.03"]
[EventDate "2008.12.28"]
[Round "7"]
[Result "1-0"]
[White "Michael J R White"]
[Black "Jens Nebel"]
[WhiteElo "2242"]
[BlackElo "2199"]
[PlyCount "77"]

1. e4 c5 2. Nf3 d6 3. d4 cxd4 4. Nxd4 Nf6 5. Nc3 g6 6. Be3 Bg7
7. Be2 Nc6 8. Qd2 Nxd4 9. Bxd4 O-O 10. O-O-O Be6 11. Kb1 Qc7
12. Nd5 Bxd5 13. exd5 Rfc8 14. Bf3 b5 15. g4 Qb7 16. g5 Nd7
17. Bxg7 Kxg7 18. Qd4+ Kg8 19. Be2 Rc5 20. b4 Rc7 21. h4 Rac8
22. h5 Ne5 23. hxg6 Rxc2 24. gxf7+ Kf8 25. Bd3 R2c3 26. Rxh7
Qc7 27. Qf4 Nd7 28. Rh8+ Kg7 29. Rh7+ Kf8 30. Rh8+ Kg7
31. Qd4+ Ne5 32. Rxc8 Qxc8 33. f4 Qg4 34. Rd2 Rc8 35. Be2 Qg3
36. fxe5 Qe1+ 37. Rd1 Qxe2 38. e6+ Kg6 39. Qd3+ 1-0

[Event "Hastings Chess Congress"]
[Site "Hastings ENG"]
[Date "2009.01.03"]
[EventDate "2008.12.28"]
[Round "7"]
[Result "0-1"]
[White "Arne Hagesaether"]
[Black "Daniel Gormally"]
[WhiteElo "2181"]
[BlackElo "2514"]
[PlyCount "76"]

1. e4 e6 2. d4 d5 3. Nd2 dxe4 4. Nxe4 Bd7 5. Nf3 Bc6 6. Bd3
Nd7 7. O-O Ngf6 8. Nxf6+ Qxf6 9. Be2 Bd6 10. c4 Bxf3 11. Bxf3
c6 12. Qb3 Rb8 13. Be3 O-O 14. Rfd1 a6 15. Rac1 Rfd8 16. Be2
Bf4 17. Bxf4 Qxf4 18. Rc3 Nf6 19. Rf3 Qc7 20. Qc3 Rd7 21. Rdd3
Ne4 22. Qc1 Rbd8 23. Qe3 Nd6 24. Rh3 Nf5 25. Qg5 h6 26. Qc1
Nxd4 27. Bf1 Qe5 28. Qd1 Rd6 29. Rh5 Qf6 30. g4 Qg6 31. Kh1
Qe4+ 32. Kg1 Qf4 33. Rhh3 e5 34. Rdg3 e4 35. c5 Rd5 36. Qa4 e3
37. Qc4 Qxf2+ 38. Kh1 e2 0-1

[Event "Hastings Chess Congress"]
[Site "Hastings ENG"]
[Date "2009.01.03"]
[EventDate "2008.12.28"]
[Round "7"]
[Result "0-1"]
[White "Ihab Salem"]
[Black "Robert Eames"]
[WhiteElo "2171"]
[BlackElo "2329"]
[PlyCount "98"]

1. e4 c5 2. c3 d5 3. exd5 Qxd5 4. d4 Nc6 5. Nf3 Bg4 6. dxc5
Qxd1+ 7. Kxd1 e5 8. b4 a5 9. Bb5 Nge7 10. Kc2 Bxf3 11. gxf3
axb4 12. cxb4 O-O-O 13. Bxc6 Nxc6 14. a3 Nd4+ 15. Kc3 Be7
16. Kc4 b5+ 17. Kc3 Bf6 18. Ra2 Nxf3 19. Be3 e4+ 20. Kb3 Rd3+
21. Kc2 Rhd8 22. Kc1 Kb7 23. a4 Kc6 24. a5 Rb3 25. Nd2 Rxb4
26. a6 Nxd2 27. Bxd2 Rc4+ 28. Kb1 Bd4 29. a7 Ra8 30. Ra6+ Kb7
31. Rb6+ Kxa7 32. Rxb5 Rb8 33. Rxb8 Kxb8 34. Bf4+ Kb7 35. Rd1
Kc6 36. Be3 Bxe3 37. fxe3 Rxc5 38. Rd4 f5 39. Kb2 Rd5 40. Ra4
Rd3 41. Ra7 Rd7 42. Ra3 g6 43. Kc1 Rd3 44. Ra7 Rxe3 45. Rxh7
Re2 46. Rg7 Rxh2 47. Rxg6+ Kd5 48. Kd1 e3 49. Rg8 Ke4 0-1

[Event "Hastings Chess Congress"]
[Site "Hastings ENG"]
[Date "2009.01.03"]
[EventDate "2008.12.28"]
[Round "7"]
[Result "0-1"]
[White "David Cilia Vincenti"]
[Black "Malek Mohammed Abdul"]
[WhiteElo "2108"]
[BlackElo "2264"]
[PlyCount "74"]

1. d4 Nf6 2. c4 e6 3. Nc3 Bb4 4. f3 c5 5. d5 exd5 6. cxd5 d6
7. e4 O-O 8. Nge2 Re8 9. Ng3 a6 10. Be2 Nbd7 11. O-O Rb8
12. a4 Nf8 13. Bg5 h6 14. Be3 Ng6 15. Rb1 Bd7 16. Na2 Ba5
17. b4 cxb4 18. Nxb4 Bb6 19. Nc2 Bxe3+ 20. Nxe3 b5 21. Qd4 Nf4
22. Rfc1 N6h5 23. Bf1 Nxg3 24. hxg3 Nh5 25. axb5 axb5 26. Kf2
Qg5 27. g4 Qh4+ 28. Ke2 Nf4+ 29. Kd1 b4 30. Rxb4 Rxb4 31. Qxb4
Qf2 32. Qe1 Ba4+ 33. Nc2 Qc5 34. Qd2 g5 35. g3 Ng6 36. Bd3 Ne5
37. Ke2 Nxd3 0-1

[Event "Hastings Chess Congress"]
[Site "Hastings ENG"]
[Date "2009.01.03"]
[EventDate "2008.12.28"]
[Round "7"]
[Result "0-1"]
[White "Ryan Rhys Griffiths"]
[Black "Odion Aikhoje"]
[WhiteElo "2107"]
[BlackElo "2260"]
[PlyCount "158"]

1. e4 Nf6 2. Nc3 d5 3. e5 Nfd7 4. f4 e6 5. d4 c5 6. Nf3 Nc6
7. Be3 a6 8. Qd2 Qc7 9. dxc5 Nxc5 10. O-O-O b5 11. Bd3 b4
12. Ne2 b3 13. axb3 Nxd3+ 14. Qxd3 Nb4 15. Qd2 Qa5 16. Qd4 Bd7
17. Qb6 Qa1+ 18. Kd2 Qxb2 19. Ne1 Rc8 20. Rc1 Rc6 21. Qb8+ Rc8
22. Qb6 Qa3 23. Bd4 Nc6 24. Ra1 Qb4+ 25. c3 Qxb6 26. Bxb6 Rb8
27. Bd4 a5 28. Kc2 Be7 29. Nd3 Rb5 30. c4 dxc4 31. bxc4 Rb8
32. Bc5 f6 33. Bd6 Bxd6 34. exd6 Kf7 35. Nc5 Rhd8 36. Rhb1 Ke8
37. Na6 Rbc8 38. Kc3 e5 39. Nc7+ Kf7 40. fxe5 fxe5 41. c5 Rb8
42. Rxb8 Rxb8 43. Rf1+ Kg6 44. Nd5 Rb5 45. Kc4 Rb2 46. Nec3
Be6 47. Kd3 Nb4+ 48. Nxb4 axb4 49. Ne4 Rb3+ 50. Kc2 Re3
51. Nf2 Rc3+ 52. Kb2 Rxc5 53. Rd1 b3 54. Rd2 h6 55. Ne4 Ra5
56. d7 Ra2+ 57. Kc3 Rxd2 58. Nxd2 Bxd7 59. Nxb3 Bc6 60. g3 Kf5
61. Nc5 h5 62. Nd3 Ke4 63. Kd2 Bb5 64. Ne1 Bf1 65. Nc2 Kf3
66. Ne3 Bh3 67. Nc4 Kg2 68. Ke3 Kxh2 69. Kf2 e4 70. Ne3 g5
71. Nd5 Bg4 72. Ne3 Bf3 73. Nf5 Kh3 74. Ne3 h4 75. gxh4 gxh4
76. Nf1 Kg4 77. Nh2+ Kf4 78. Nf1 h3 79. Nh2 Bg2 0-1

[Event "Hastings Chess Congress"]
[Site "Hastings ENG"]
[Date "2009.01.03"]
[EventDate "2008.12.28"]
[Round "7"]
[Result "1/2-1/2"]
[White "Matthew N Anderton"]
[Black "John N Sugden"]
[WhiteElo "2232"]
[BlackElo "2173"]
[PlyCount "41"]

1. e4 c5 2. Nf3 e6 3. c3 d5 4. exd5 exd5 5. d4 Nc6 6. Be3 cxd4
7. Bxd4 Nxd4 8. Nxd4 Nf6 9. Bd3 Bd6 10. O-O O-O 11. Nd2 Bg4
12. Qc2 Bc5 13. N2b3 Bb6 14. h3 Bd7 15. Rfe1 Re8 16. Rxe8+
Qxe8 17. Qe2 Qf8 18. Qf3 Qd6 19. Nf5 Bxf5 20. Bxf5 Re8 21. Rd1
1/2-1/2

[Event "Hastings Chess Congress"]
[Site "Hastings ENG"]
[Date "2009.01.03"]
[EventDate "2008.12.28"]
[Round "7"]
[Result "1-0"]
[White "Felix J Kwiatkowski"]
[Black "Daniel Rocks"]
[WhiteElo "2219"]
[BlackElo "2129"]
[PlyCount "129"]

1. e4 e5 2. Nf3 Nc6 3. Bb5 a6 4. Ba4 Nf6 5. O-O Be7 6. Re1 b5
7. Bb3 d6 8. c3 O-O 9. h3 Na5 10. Bc2 c5 11. d4 Nd7 12. Nbd2
exd4 13. cxd4 Nc6 14. d5 Nce5 15. Nxe5 Nxe5 16. a4 Rb8
17. axb5 axb5 18. f4 Ng6 19. Nf3 Bh4 20. Rf1 Bg3 21. f5 Ne5
22. Ng5 h6 23. f6 hxg5 24. Bxg5 g6 25. Ra3 Kh7 26. Rxg3 Rh8
27. Bf4 Re8 28. Rg5 Qxf6 29. Qe1 Qg7 30. Bxe5 Rxe5 31. Qh4+
Kg8 32. Rxe5 dxe5 33. Qd8+ Qf8 34. Qc7 Rb7 35. Qxe5 Qe7
36. Qxe7 Rxe7 37. Ra1 Kf8 38. Ra8 Re8 39. Rb8 Bd7 40. Rxe8+
Kxe8 41. Kf2 Ke7 42. e5 Be8 43. Ke3 f6 44. Kf4 Bf7 45. Be4 c4
46. h4 b4 47. d6+ Kd7 48. exf6 Kxd6 49. g4 c3 50. bxc3 bxc3
51. Bc2 Ke6 52. g5 Be8 53. Ke4 Kf7 54. Bb3+ Kf8 55. Kd4 Bd7
56. Kxc3 Bg4 57. Kd4 Be2 58. Ke5 Bg4 59. Be6 Be2 60. Ba2 Bd1
61. f7 Be2 62. Kf6 Bc4 63. h5 Bxa2 64. h6 Bxf7 65. h7 1-0

[Event "Hastings Chess Congress"]
[Site "Hastings ENG"]
[Date "2009.01.03"]
[EventDate "2008.12.28"]
[Round "7"]
[Result "1-0"]
[White "Julian Antonio Rojas Alarcon"]
[Black "George P W Salimbeni"]
[WhiteElo "2187"]
[BlackElo "2103"]
[PlyCount "65"]

1. e4 e5 2. Nf3 Nc6 3. Bb5 a6 4. Ba4 Nf6 5. O-O Be7 6. Re1 b5
7. Bb3 O-O 8. a4 Bb7 9. d3 d6 10. c3 Na5 11. Ba2 c5 12. Nbd2
b4 13. Nf1 bxc3 14. bxc3 d5 15. Qe2 c4 16. exd5 cxd3 17. Qxd3
e4 18. Rxe4 Nxe4 19. Qxe4 Bf6 20. Bd2 Re8 21. Qd3 Qd7 22. h3
g6 23. Ne3 h5 24. Qc2 Rac8 25. Rd1 Ba8 26. Be1 Qd6 27. Nd2 Qe7
28. d6 Qxd6 29. Qxg6+ Kh8 30. Bxf7 Qf4 31. Qxh5+ Kg7 32. Qg6+
Kh8 33. Bxe8 1-0

[Event "Hastings Chess Congress"]
[Site "Hastings ENG"]
[Date "2009.01.03"]
[EventDate "2008.12.28"]
[Round "7"]
[Result "1-0"]
[White "Chino C Atako"]
[Black "David Ledger"]
[WhiteElo "2100"]
[BlackElo "2254"]
[PlyCount "46"]

1. e4 e5 2. Nf3 Nc6 3. Nc3 Nf6 4. Bb5 Bb4 5. O-O d6 6. d3 O-O
7. Bg5 Bxc3 8. bxc3 Qe7 9. Re1 Nd8 10. d4 Bg4 11. h3 Bh5
12. g4 Bg6 13. Bf1 Ne6 14. Bh4 Rfd8 15. Qb1 Nf8 16. Qxb7 h6
17. dxe5 dxe5 18. Qb5 Re8 19. Rad1 Bh7 20. g5 Nxe4 21. g6 Nxc3
22. gxh7+ Nxh7 23. Bxe7 Nxb5 1-0

[Event "Hastings Chess Congress"]
[Site "Hastings ENG"]
[Date "2009.01.03"]
[EventDate "2008.12.28"]
[Round "7"]
[Result "1/2-1/2"]
[White "Elliott Auckland"]
[Black "Bernard Cafferty"]
[WhiteElo "2017"]
[BlackElo "2179"]
[PlyCount "29"]

1. c4 Nf6 2. Nf3 c6 3. Nc3 d6 4. d4 Bg4 5. e4 Nbd7 6. Be2 e5
7. h3 Bxf3 8. Bxf3 Be7 9. O-O O-O 10. Ne2 Re8 11. b3 d5
12. cxd5 cxd5 13. Ng3 exd4 14. exd5 Ne5 15. Bb2 1/2-1/2

[Event "Hastings Chess Congress"]
[Site "Hastings ENG"]
[Date "2009.01.03"]
[EventDate "2008.12.28"]
[Round "7"]
[Result "0-1"]
[White "David Ian Calvert"]
[Black "Martin Mitchell"]
[WhiteElo "2051"]
[BlackElo "2169"]
[PlyCount "98"]

1. b3 e5 2. Bb2 Nc6 3. e3 Nf6 4. Nf3 e4 5. Nd4 Nxd4 6. Bxd4
Be7 7. c4 O-O 8. Nc3 c5 9. Bxf6 Bxf6 10. Qc2 d5 11. cxd5 Bxc3
12. dxc3 Qxd5 13. Rd1 Qe5 14. Be2 b6 15. O-O Bb7 16. Rd2 Rad8
17. Rfd1 Rxd2 18. Qxd2 Bc8 19. c4 Be6 20. g3 g6 21. Qd6 Qxd6
22. Rxd6 Rc8 23. f4 exf3 24. Bxf3 Kf8 25. Kf2 Ke7 26. Rd2 Rc7
27. Bd5 Rd7 28. e4 Kf6 29. Ke3 Ke5 30. Rf2 f6 31. h4 Bg4
32. Kd3 Re7 33. Kc3 Rg7 34. b4 cxb4+ 35. Kxb4 Rc7 36. a4 Rc5
37. Bg8 Be6 38. Bxe6 Kxe6 39. Rd2 g5 40. h5 g4 41. h6 Rh5
42. Rd8 Rxh6 43. a5 bxa5+ 44. Kxa5 Rh5+ 45. Kb4 a5+ 46. Kc3
Rh3 47. Rd3 h5 48. c5 h4 49. c6 Rxg3 0-1

[Event "Hastings Chess Congress"]
[Site "Hastings ENG"]
[Date "2009.01.03"]
[EventDate "2008.12.28"]
[Round "7"]
[Result "1/2-1/2"]
[White "Rasa Norinkeviciute"]
[Black "Sohel Chowdhury"]
[WhiteElo "2005"]
[BlackElo "2168"]
[PlyCount "67"]

1. c4 e5 2. g3 d6 3. Bg2 c5 4. Nc3 Nc6 5. a3 g6 6. Rb1 a5
7. e3 Bg7 8. Nge2 Nge7 9. O-O O-O 10. Nd5 Rb8 11. Nec3 f5
12. d3 Be6 13. f4 Bf7 14. Bd2 Re8 15. fxe5 dxe5 16. e4 Nxd5
17. cxd5 Nd4 18. b4 axb4 19. axb4 Bf8 20. Ne2 cxb4 21. Nxd4
Qb6 22. Kh1 Qxd4 23. Qb3 fxe4 24. Bxe4 Rbd8 25. Bxb4 Bxd5
26. Bxd5+ Qxd5+ 27. Qxd5+ Rxd5 28. Bxf8 Rxf8 29. Rxf8+ Kxf8
30. Rxb7 Rxd3 31. Rxh7 Rd2 32. Kg1 Rc2 33. Kf1 Ra2 34. Ke1
1/2-1/2

[Event "Hastings Chess Congress"]
[Site "Hastings ENG"]
[Date "2009.01.03"]
[EventDate "2008.12.28"]
[Round "7"]
[Result "1-0"]
[White "Martyn Goodger"]
[Black "George E O'Toole"]
[WhiteElo "2164"]
[BlackElo "2054"]
[PlyCount "45"]

1. e4 e5 2. Nf3 Nc6 3. d4 exd4 4. Nxd4 Nf6 5. Nc3 Bb4 6. Nxc6
bxc6 7. Qd4 Qe7 8. f3 d5 9. Bg5 c5 10. Bb5+ Kf8 11. Qd3 dxe4
12. fxe4 Bxc3+ 13. Qxc3 Qxe4+ 14. Be3 Bb7 15. O-O-O Nd5
16. Qxc5+ Kg8 17. Bd4 h5 18. Kb1 Rh6 19. Rde1 Qg4 20. Be2 Qd7
21. Bf3 Bc6 22. Rd1 Qe7 23. Bxd5 1-0

[Event "Hastings Chess Congress"]
[Site "Hastings ENG"]
[Date "2009.01.03"]
[EventDate "2008.12.28"]
[Round "7"]
[Result "1-0"]
[White "Francis Rayner"]
[Black "Uwe Nebel"]
[WhiteElo "2151"]
[BlackElo "2001"]
[PlyCount "75"]

1. c4 f5 2. Nf3 Nf6 3. g3 e6 4. Bg2 Be7 5. d4 d6 6. O-O O-O
7. b4 Qe8 8. Bb2 Nbd7 9. Nc3 e5 10. dxe5 dxe5 11. Nd5 Bd8
12. b5 c6 13. bxc6 bxc6 14. Ne3 Ng4 15. Nxg4 fxg4 16. Nd2 Rb8
17. Ba3 c5 18. Ne4 Be7 19. Qd5+ Kh8 20. Rad1 Rb6 21. Bxc5 Nxc5
22. Nxc5 Rd6 23. Qxd6 Bxd6 24. Rxd6 g6 25. Rd5 Qe7 26. Rb1 Rd8
27. Rbd1 Rxd5 28. Rxd5 Kg7 29. e4 h5 30. Bf1 Kf6 31. a4 Bb7
32. Nxb7 Qxb7 33. c5 Qb4 34. c6 Qxe4 35. Rc5 Qd4 36. Rc4 Qd8
37. c7 Qc8 38. Rc1 1-0

[Event "Hastings Chess Congress"]
[Site "Hastings ENG"]
[Date "2009.01.03"]
[EventDate "2008.12.28"]
[Round "7"]
[Result "1/2-1/2"]
[White "Richard Almond"]
[Black "Adrian O Pickersgill"]
[WhiteElo "2138"]
[BlackElo "2043"]
[PlyCount "93"]

1. e4 d5 2. exd5 Qxd5 3. Nf3 Nf6 4. d4 c6 5. Be2 Bf5 6. O-O e6
7. Bf4 Be7 8. c4 Qd8 9. Nc3 O-O 10. Ne5 Nbd7 11. Bf3 Nxe5
12. dxe5 Nd7 13. Ne4 Bxe4 14. Bxe4 Nc5 15. Bc2 Qxd1 16. Rfxd1
Rfd8 17. Be3 a5 18. Bd4 h6 19. g4 Kf8 20. Kg2 Ke8 21. f4 Rd7
22. Bc3 b6 23. Rxd7 Kxd7 24. f5 Kc7 25. Rf1 Rf8 26. Rf3 exf5
27. gxf5 Bd8 28. Kf1 f6 29. e6 Re8 30. Rg3 Re7 31. Bd2 Kb7
32. Bf4 Bc7 33. Bxc7 Kxc7 34. Kg2 Kd6 35. Re3 g5 36. fxg6 Nxe6
37. Kg3 Ng7 38. Rxe7 Kxe7 39. Kf4 Kd6 40. Ke4 c5 41. Bd1 Ke6
42. h4 f5+ 43. Kf4 Kf6 44. h5 Ne6+ 45. Ke3 Ke5 46. Bf3 Ng7
47. Bd1 1/2-1/2

[Event "Hastings Chess Congress"]
[Site "Hastings ENG"]
[Date "2009.01.03"]
[EventDate "2008.12.28"]
[Round "7"]
[Result "0-1"]
[White "James J McDonnell"]
[Black "Norman Hutchinson"]
[WhiteElo "2041"]
[BlackElo "2075"]
[PlyCount "54"]

1. e4 c6 2. d4 d5 3. exd5 cxd5 4. c4 Nf6 5. Nc3 e6 6. Nf3 Bb4
7. cxd5 Nxd5 8. Bd2 Nc6 9. Bd3 Ba5 10. a3 a6 11. O-O Bc7
12. Re1 Nce7 13. g3 Bd7 14. Rc1 Bc6 15. Bb1 Rc8 16. Qe2 Nxc3
17. Bxc3 Qd5 18. Kg2 b5 19. b4 Bb6 20. Qe4 Qh5 21. Qe2 Nd5
22. h3 O-O 23. Bb2 Nf6 24. Red1 Bd5 25. Re1 g5 26. Qe3 g4
27. hxg4 Nxg4 0-1

[Event "Hastings Chess Congress"]
[Site "Hastings ENG"]
[Date "2009.01.03"]
[EventDate "2008.12.28"]
[Round "7"]
[Result "1/2-1/2"]
[White "Paul Hopper"]
[Black "Alexandra Wilson"]
[WhiteElo "2173"]
[BlackElo "2026"]
[PlyCount "39"]

1. Nf3 Nf6 2. g3 g6 3. Bg2 Bg7 4. d3 d5 5. O-O O-O 6. c3 c5
7. Bg5 Nc6 8. Qc2 h6 9. Bxf6 Bxf6 10. Nbd2 e6 11. Rfe1 b6
12. e4 Bb7 13. Rad1 Rc8 14. exd5 exd5 15. Nb3 Qd7 16. d4 c4
17. Nc1 Rfe8 18. h4 Rxe1+ 19. Rxe1 Re8 20. Rxe8+ 1/2-1/2

[Event "Hastings Chess Congress"]
[Site "Hastings ENG"]
[Date "2009.01.03"]
[EventDate "2008.12.28"]
[Round "7"]
[Result "0-1"]
[White "Birk Anders Rolvaag"]
[Black "George Dickson"]
[WhiteElo "1880"]
[BlackElo "2135"]
[PlyCount "140"]

1. e4 e5 2. Bc4 Nf6 3. d3 Be7 4. Nf3 Nc6 5. c3 d6 6. Bb3 O-O
7. Nbd2 Bg4 8. O-O d5 9. Qe2 Qd7 10. h3 Bh5 11. Rd1 d4 12. Nf1
Kh8 13. Ng3 Bg6 14. Ba4 Bd6 15. Bxc6 bxc6 16. cxd4 exd4
17. Qc2 Nh5 18. Ne2 Rfe8 19. Nfxd4 c5 20. Nb3 f5 21. f3 Qe7
22. Be3 fxe4 23. dxe4 Qe5 24. Nxc5 Qh2+ 25. Kf1 Rf8 26. Bf2
Rae8 27. Rd5 Qh1+ 28. Ng1 Nf4 29. Rg5 Re5 30. Rg3 Nh5 31. Rg4
Nf6 32. Rf4 Rg5 33. Be3 Re8 34. Rxf6 Bxc5 35. Bxc5 gxf6
36. Bd4 Kg7 37. Re1 Qh2 38. Re2 Qd6 39. Rd2 Qa6+ 40. Ne2 Re7
41. Bc5 Rf7 42. b4 Re5 43. Rd8 c6 44. Qd2 Qc4 45. Rc8 Bxe4
46. fxe4 Qxe4 47. Ng3 Qb1+ 48. Kf2 Rf5+ 49. Ke2 Re5+ 50. Be3
Rfe7 51. Nf1 Rd5 52. Qe1 Qc2+ 53. Kf3 Qf5+ 54. Kg3 Qxc8
55. Bh6+ Kf7 56. Qf2 Qb8+ 57. Bf4 Rg5+ 58. Kh2 Rf5 59. g3 Qxb4
60. Ne3 Rxf4 61. gxf4 Qc5 62. Qh4 Qxe3 63. Qxh7+ Ke8 64. Qh5+
Kd7 65. Qf5+ Qe6 66. Qd3+ Qd5 67. Qa6 Qd2+ 68. Kg3 Qe3+
69. Kg4 Rg7+ 70. Kf5 Qe6+ 0-1

[Event "Hastings Chess Congress"]
[Site "Hastings ENG"]
[Date "2009.01.03"]
[EventDate "2008.12.28"]
[Round "7"]
[Result "1-0"]
[White "Matthew Lunn"]
[Black "Nigel P Donovan"]
[WhiteElo "1874"]
[BlackElo "2093"]
[PlyCount "85"]

1. d4 Nf6 2. c4 e6 3. Nc3 Bb4 4. Qc2 O-O 5. e4 d5 6. e5 Ne4
7. Bd3 c5 8. cxd5 exd5 9. Nge2 cxd4 10. Nxd4 Re8 11. f4 Bxc3+
12. bxc3 f6 13. O-O fxe5 14. fxe5 Rxe5 15. Ba3 Nd7 16. Rf4 Qg5
17. Raf1 Ndf6 18. c4 Bd7 19. cxd5 Rc8 20. Qb2 Nc3 21. Ne6 Bxe6
22. dxe6 Rxe6 23. Bc4 Rxc4 24. Rxc4 Ne2+ 25. Kh1 Qe3 26. Rc8+
Kf7 27. Qxb7+ Kg6 28. Qf3 Qe5 29. Rc5 Qe4 30. Bb2 Qxf3
31. gxf3 Nf4 32. Rg1+ Kh6 33. Bc1 N6h5 34. Rc7 g6 35. Rxa7 g5
36. Ra5 Nh3 37. Rf1 Nf2+ 38. Kg2 Nd3 39. Bxg5+ Kg6 40. Bc1
Re2+ 41. Kg1 Nhf4 42. Bxf4 Nxf4 43. Rb1 1-0

[Event "Hastings Chess Congress"]
[Site "Hastings ENG"]
[Date "2009.01.03"]
[EventDate "2008.12.28"]
[Round "7"]
[Result "0-1"]
[White "Joseph Quinn"]
[Black "Dominic Foord"]
[WhiteElo "1846"]
[BlackElo "2043"]
[PlyCount "52"]

1. e4 e5 2. Nf3 d6 3. d4 exd4 4. Nxd4 Nf6 5. Nc3 Be7 6. Bf4
O-O 7. Qd2 c6 8. O-O-O b5 9. e5 b4 10. exf6 bxc3 11. Qxc3 Bxf6
12. Qg3 Qb6 13. c3 d5 14. Bd6 Re8 15. Bc7 Qb7 16. Nb3 Na6
17. Bd6 Qb6 18. Bd3 c5 19. Rhe1 Be6 20. Bxa6 Qxa6 21. Nxc5
Qxa2 22. Nxe6 fxe6 23. Qh3 d4 24. Bb4 a5 25. Bc5 dxc3 26. bxc3
Rab8 0-1

[Event "Hastings Chess Congress"]
[Site "Hastings ENG"]
[Date "2009.01.04"]
[EventDate "2008.12.28"]
[Round "8"]
[Result "1/2-1/2"]
[White "Gudmundur Kjartansson"]
[Black "Simon Kim Williams"]
[WhiteElo "2284"]
[BlackElo "2494"]
[PlyCount "60"]

1. d4 e6 2. Nf3 f5 3. g3 Nf6 4. Bg2 Be7 5. O-O O-O 6. c4 d6
7. Nc3 a5 8. b3 Ne4 9. Bb2 Nxc3 10. Bxc3 Qe8 11. Re1 Qh5
12. e4 f4 13. Qd2 fxg3 14. fxg3 e5 15. dxe5 Rxf3 16. Qd1 Bg4
17. Bxf3 Bxf3 18. Qd5+ Kh8 19. Qxb7 Qh3 20. Kf2 Qg2+ 21. Ke3
Bg5+ 22. Kd3 Be2+ 23. Rxe2 Qf3+ 24. Kc2 Qxe2+ 25. Kb1 Qf1+
26. Kb2 Qf2+ 27. Kb1 Qg1+ 28. Kb2 Qf2+ 29. Kb1 Qf1+ 30. Kb2
Qf2+ 1/2-1/2

[Event "Hastings Chess Congress"]
[Site "Hastings ENG"]
[Date "2009.01.04"]
[EventDate "2008.12.28"]
[Round "8"]
[Result "1-0"]
[White "Luc Bergez"]
[Black "Aaron Summerscale"]
[WhiteElo "2356"]
[BlackElo "2467"]
[PlyCount "125"]

1. d4 f5 2. Bg5 g6 3. Nc3 Bg7 4. e4 fxe4 5. f3 e3 6. Bxe3 Nh6
7. Bd3 d5 8. h4 c5 9. h5 Nf5 10. Bxf5 gxf5 11. h6 Bf6 12. f4
Nc6 13. Nf3 O-O 14. Qd2 Be6 15. O-O-O c4 16. Ne5 Kh8 17. Ne2
Qa5 18. Nxc6 Qxd2+ 19. Bxd2 bxc6 20. Bb4 Rg8 21. g3 Rg6
22. Rdf1 Kg8 23. Rf3 Bc8 24. Ra3 Kf7 25. Bc5 a6 26. Rh3 e6
27. Bd6 Ke8 28. Re3 Kd7 29. Be5 Be7 30. Bg7 c5 31. c3 Kc6
32. Ng1 Bf6 33. Bxf6 Rxf6 34. Nf3 Ra7 35. Ng5 Rb7 36. Rh2 Kd6
37. Kc2 Rc7 38. Re1 a5 39. Kd2 Rb7 40. Ke3 a4 41. a3 Re7
42. Nf3 Re8 43. Rh5 Rg6 44. Rg1 Reg8 45. Rg5 cxd4+ 46. Kxd4
Rxg5 47. Nxg5 Rg6 48. Rh1 e5+ 49. fxe5+ Kc6 50. Rh5 Bd7
51. Ke3 Be8 52. Kf4 Rg8 53. Rh2 Bg6 54. Nf3 Kd7 55. Nd4 Rf8
56. Rf2 Ke7 57. Rd2 Kd7 58. Re2 Ke7 59. e6 Kf6 60. Nc6 Re8
61. Nb4 Rxe6 62. Nxd5+ Kf7 63. Rxe6 1-0